Statystyki dla Przystanki tramwajowe linii 20 – Warszawa

Kliknij tutaj aby rozwiązać quiz!

Ogólne statystyki

  • Ten quiz został rozwiązany 43 razy
  • Średni wynik to 24 z 39

Statystyki odpowiedzi

DzielnicaNazwa przystanku% Poprawnych
BemowoBoernerowo
88%
ŚrodmieścieMetro Ratusz-Arsenał
88%
ŚrodmieścieStare Miasto
85%
Praga PółnocŻerań FSO
85%
Praga PółnocŻerań FSO
85%
Środmieście/WolaKino Femina
82%
BemowoWAT
82%
Praga PółnocDworzec Wileński
79%
Praga PółnocPark Praski
79%
WolaWola-Ratusz
79%
WolaKoło
76%
BemowoStare Bemowo
76%
BemowoDywizjonu 303
70%
WolaMłynów
70%
WolaOkopowa
67%
WolaPKP Koło
67%
WolaZajezdnia Wola
67%
BemowoMarynin
64%
WolaDeotymy
61%
Praga PółnocRatuszowa
61%
BemowoArchimedesa
58%
BemowoKocjana
58%
WolaMłynarska
58%
Praga PółnocDyrekcja FSO
55%
Praga PółnocRatuszowa-Zoo
55%
Praga PółnocRondo Starzyńskiego
55%
WolaWawrzyszewska
52%
WolaDalibora
48%
BemowoOs. Zielony Staw
48%
BemowoFort Blizne
45%
Praga PółnocPlac Hallera
45%
Praga PółnocBudzińskiej-Tylickiej
42%
WolaMagistracka
42%
Praga PółnocPIMOT
39%
WolaDługosza
36%
Praga PółnocGolędzinów
36%
BemowoSiodlarska
36%
Praga PółnocŚliwice
36%
Praga PółnocBatalionu Platerówek
21%

Rozkład punktacji

Percentyl według liczby udzielonych odpowiedzi

Procent ludzi z każdym wynikiem

Twoja historia wyników

Nie rozwiązałeś tego quizu